000 00388nam a22001577a 4500
003 OSt
005 20231229090043.0
008 221104b xxu||||| |||| 00| 0 eng d
020 _a9789350971550
040 _cIIMT UNIVERSITY
100 _aCHAKRABORTY, S.K
245 _aHUMAN VALUES AND ETHICS
260 _aMUMBAI
_bHIMALAYA PUBLISHING HOUSE
_c2020
300 _a332
942 _2ddc
_c01
999 _c55946
_d55946